Name the FNAF Books - Statistics

General Stats
  • This quiz has been taken 15 times
  • The average score is 14 of 36
Answer Stats
Book Answer % Correct
Fazbear Frights: Book 1 Into the Pit
100%
Five Nights At Freddy's Novel: Book 3 The Fourth Closet
89%
Five Nights At Freddy's Novel: Book 1 The Silver Eyes
89%
Five Nights At Freddy's Novel: Book 3 The Twisted Ones
78%
Fazbear Frights: Book 6 Blackbird
67%
Fazbear Frights: Book 2 Fetch
67%
Fazbear Frights: Book 4 Step Closer
67%
Tales from the Pizzaplex: Book 7 Tiger Rock
67%
Tales from the Pizzaplex: Book 1 Lally's Game
56%
Fazbear Frights: Book 7 The Cliffs
56%
Fazbear Frights: Book 3 1:35 AM
44%
Tales from the Pizzaplex: Book 8 B7-2
44%
Fazbear Frights: Book 5 Bunnycall
44%
Tales from the Pizzaplex: Book 2 HAPPS
44%
Tales from the Pizzaplex: Book 6 Nexie
44%
Fazbear Frights: Book 11 Prankster
44%
Info Book The Freddy Files
44%
Fazbear Frights: Book 9 The Puppet Carver
44%
Fazbear Frights: Book 12 Felix the Shark
33%
Fazbear Frights: Book 8 Gumdrop Angel
33%
Interactive Novel: Book 2 Return to the Pit
33%
Tales from the Pizzaplex: Book 3 Somniphobia
33%
Interactive Novel: Book 1 The Week Before
33%
Interactive Novel: Book 3 Escape the Pizzaplex
22%
Fazbear Frights: Book 10 Friendly Face
22%
Tales from the Pizzaplex: Book 4 Submechanophobia
22%
Tales from the Pizzaplex: Book 5 The Bobbiedots Conclusion
22%
Interactive Novel: Book 0 VIP
22%
Info Book Survival Logbook
11%
novelty book Ticket to Fun
11%
Info Book Character Encyclopedia: Updated Edition
0%
Tales from the Pizzaplex: Book 2/3 HAPPS and Somniphobia
0%
Info Book Official Character Encyclopedia
0%
Info Book Security Breach Files
0%
Info Book Security Breach Files Updated Edition
0%
Info Book Ultimate Guide Version 2.0
0%
No matching quizzes found
Score Distribution
Percent of People with Each Score
Percentile by Number Answered
Your Score History
You have not taken this quiz